[Event "Titled Tuesday intern op 19th May"]
[Site "Chess.com INT"]
[Date "2020.05.19"]
[Round "10"]
[White "Medvegyne Balogh, Emese"]
[Black "Efremov, Vladislav"]
[Result "0-1"]
[WhiteElo "2080"]
[BlackElo "2188"]
[PlyCount "132"]
[EventDate "2020.05.19"]
[EventType "swiss (blitz)"]
[EventRounds "10"]
[EventCountry "USA"]
[SourceTitle "EXT 2021"]
[Source "ChessBase"]
[SourceDate "2020.10.23"]
[SourceVersion "1"]
[SourceVersionDate "2020.10.23"]
[SourceQuality "1"]

1. e4 c5 2. Nc3 e6 3. g3 Nc6 4. Bg2 g6 5. d3 Bg7 6. Be3 d6 7. Nge2 Nge7 8. 0-0 Nd4 9. Qd2 0-0 10. f4 Rb8 11. Rae1 b5 12. Nd1 Bb7 13. c3 Nxe2+ 14. Qxe2 a5 15. Nf2 Qc7 16. h3 d5 17. g4 dxe4 18. dxe4 f5 19. gxf5 gxf5 20. e5 Nd5 21. Bc1 c4 22. Kh2 b4 23. Rg1 bxc3 24. Bxd5 Bxd5 25. bxc3 Kh8 26. Be3 Rg8 27. Qh5 Bxe5 28. Qh6 Bxc3 29. Rc1 Bg7 30. Qh4 Rb2 31. Rg5 Re2 32. Rh5 Bb2 33. Rd1 Rxe3 34. Rxd5 exd5 35. Rxf5 Re2 36. Re5 Qg7 37. Rg5 Rxf2+ 38. Qxf2 Qf6 39. Rxg8+ Kxg8 40. Qg3+ Kh8 41. Qf3 d4 42. Qd5 Kg7 43. Qxc4 d3 44. Qxd3 Qxf4+ 45. Qg3+ Qxg3+ 46. Kxg3 Be5+ 47. Kg4 Kf6 48. h4 Ke6 49. h5 Kd5 50. Kg5 Kc4 51. Kh6 Kc3 52. Kxh7 Kb2 53. Kg6 Kxa2 54. h6 Bd4 55. h7 Bh8 56. Kf7 Ba1 57. Kg8 a4 58. h8Q Bxh8 59. Kxh8 a3 60. Kg7 Kb2 61. Kf6 a2 62. Ke5 a1Q 63. Kd4 Qc1 64. Kd3 Kb3 65. Kd4 Qd1+ 66. Ke3 Qg4 0-1

[Event "HUN-chT2 Charousek 1516"]
[Site "Hungary"]
[Date "2015.11.29"]
[Round "3.10"]
[White "Medvegyne Balogh, Emese"]
[Black "Bartha, Sandor"]
[Result "0-1"]
[WhiteElo "2082"]
[BlackElo "2065"]
[PlyCount "98"]
[EventDate "2015.10.18"]
[EventType "team-tourn"]
[EventRounds "9"]
[EventCountry "HUN"]
[SourceTitle "CBM 170 Extra"]
[Source "ChessBase"]
[SourceDate "2016.02.25"]
[SourceVersion "1"]
[SourceVersionDate "2016.02.25"]
[SourceQuality "1"]
[WhiteTeam "Hobagoly"]
[BlackTeam "Balatonfuered"]
[WhiteTeamCountry "HUN"]
[BlackTeamCountry "HUN"]

1. e4 c5 2. Nc3 Nc6 3. d3 g6 4. Be3 d6 5. d4 b6 6. Nf3 Bg7 7. g3 cxd4 8. Nxd4 Bd7 9. Qd2 Rc8 10. Ba6 Rb8 11. 0-0 Nf6 12. f3 0-0 13. Be2 Na5 14. Nb3 Nc6 15. Nd1 Be6 16. Nf2 Ne5 17. Bg5 Bc4 18. Nd4 Bxe2 19. Qxe2 Rc8 20. c3 Nc4 21. Rad1 Qc7 22. Bc1 Qb7 23. g4 a6 24. b3 Na5 25. c4 Nc6 26. Nc2 b5 27. Ne3 bxc4 28. Nxc4 Nd7 29. Be3 Nce5 30. Nxe5 Nxe5 31. Rc1 Rxc1 32. Rxc1 Rc8 33. Rxc8+ Qxc8 34. f4 Nd7 35. Qc4 Qb7 36. g5 h5 37. gxh6 Bxh6 38. Ng4 Bg7 39. b4 Nb6 40. Qc2 Nd7 41. Qc4 Nf6 42. Nxf6+ Bxf6 43. a4 Qd7 44. f5 Qxa4 45. Qc8+ Kg7 46. Qc1 Qxb4 47. Bh6+ Kh7 48. fxg6+ fxg6 49. Qf4 g5 0-1

[Event "HUN-chT2 Maroczy 1314"]
[Site "Hungary"]
[Date "2014.03.23"]
[Round "9"]
[White "Medvegyne Balogh, Emese"]
[Black "Terbe, Zsuzsanna"]
[Result "1/2-1/2"]
[WhiteElo "2047"]
[BlackElo "1944"]
[PlyCount "132"]
[EventDate "2013.09.08"]
[EventType "team-tourn"]
[EventRounds "11"]
[EventCountry "HUN"]
[SourceTitle "EXT 2016"]
[Source "ChessBase"]
[SourceDate "2015.10.08"]
[SourceVersion "1"]
[SourceVersionDate "2015.10.08"]
[SourceQuality "1"]
[WhiteTeam "Lila Futo"]
[BlackTeam "Szigetszentmiklos"]
[WhiteTeamCountry "HUN"]
[BlackTeamCountry "HUN"]

1. d4 Nf6 2. Nf3 g6 3. c4 Bg7 4. Nc3 0-0 5. e4 d6 6. Be2 Bg4 7. Be3 Nfd7 8. Qd2 Nc6 9. Ng1 Bxe2 10. Ngxe2 e5 11. d5 Ne7 12. 0-0 a5 13. a3 f5 14. f4 Nc5 15. Bxc5 dxc5 16. fxe5 Bxe5 17. Nf4 Qd6 18. Nb5 Qf6 19. Nd3 c6 20. Nc3 Bd4+ 21. Kh1 Qd6 22. Rae1 cxd5 23. exd5 Bxc3 24. Qxc3 b6 25. Re6 Qd8 26. Rfe1 Nc8 27. Qe5 Qh4 28. Nf4 Ra7 29. g3 Qg4 30. Kg2 Raf7 31. h3 Qg5 32. Re8 Qf6 33. Rxf8+ Rxf8 34. a4 Nd6 35. Qxf6 Rxf6 36. b3 Ne4 37. Re3 Kf7 38. Nd3 h6 39. Ne5+ Ke7 40. h4 Kd6 41. Nd3 Kd7 42. g4 Nd2 43. g5 hxg5 44. hxg5 Rd6 45. Ne5+ Kc7 46. Rh3 Ne4 47. Rh7+ Kc8 48. Rg7 Nxg5 49. Nxg6 Ne4 50. Ne7+ Kd8 51. Nxf5 Rd7 52. Rg8+ Kc7 53. Ng7 Kb7 54. Ne6 Nd2 55. Rg3 Ne4 56. Re3 Nd6 57. Kf3 Rf7+ 58. Ke2 Kc8 59. Ng5 Rg7 60. Nh3 Kd7 61. Kf3 Nf5 62. Rd3 Rg3+ 63. Ke2 Nd4+ 64. Kd2 Nf3+ 65. Ke2 Nd4+ 66. Kd2 Nf3+ 1/2-1/2

[Event "HUN-chT2 Maroczy 1314"]
[Site "Hungary"]
[Date "2014.03.02"]
[Round "8"]
[White "Egri, Laszlo Jr"]
[Black "Medvegyne Balogh, Emese"]
[Result "0-1"]
[WhiteElo "2112"]
[BlackElo "2047"]
[PlyCount "90"]
[EventDate "2013.09.08"]
[EventType "team-tourn"]
[EventRounds "11"]
[EventCountry "HUN"]
[SourceTitle "EXT 2016"]
[Source "ChessBase"]
[SourceDate "2015.10.08"]
[SourceVersion "1"]
[SourceVersionDate "2015.10.08"]
[SourceQuality "1"]
[WhiteTeam "Kisujszallas"]
[BlackTeam "Lila Futo"]
[WhiteTeamCountry "HUN"]
[BlackTeamCountry "HUN"]

1. Nf3 d5 2. g3 c6 3. Bg2 Bg4 4. 0-0 Nd7 5. c4 e6 6. cxd5 exd5 7. d3 Be7 8. Nc3 Ngf6 9. Qc2 0-0 10. e4 dxe4 11. dxe4 Nb6 12. Ne5 Be6 13. Rd1 Qc8 14. Na4 Nxa4 15. Qxa4 Bh3 16. Bh1 Qe6 17. Nd3 Rfd8 18. Be3 Nh5 19. Nc5 Bxc5 20. Bxc5 Nf4 21. Qc2 Rxd1+ 22. Rxd1 b6 23. Bd6 Ng6 24. Qxc6 Rd8 25. b3 h5 26. Qd5 Nf4 27. Bxf4 Rxd5 28. exd5 Qe2 29. Rc1 Qxa2 30. Bg2 Bf5 31. h4 Qxb3 32. Rc7 a5 33. d6 a4 34. Kh2 Qd3 35. Bc6 Qf1 36. d7 Qxf2+ 37. Kh1 Qe1+ 38. Kh2 Qf2+ 39. Kh1 Qf1+ 40. Kh2 Qe2+ 41. Kg1 Qd1+ 42. Kh2 Kh7 43. Bxa4 Qe2+ 44. Kg1 Qe1+ 45. Kg2 Be4+ 0-1

[Event "Zalakaros op 32nd"]
[Site "Zalakaros"]
[Date "2013.05.23"]
[Round "2"]
[White "Juhasz, Armin"]
[Black "Medvegyne Balogh, Emese"]
[Result "1-0"]
[WhiteElo "2198"]
[BlackElo "2052"]
[PlyCount "75"]
[EventDate "2013.05.22"]
[EventType "swiss"]
[EventRounds "9"]
[EventCountry "HUN"]
[SourceTitle "CBM 154 Extra"]
[Source "ChessBase"]
[SourceDate "2013.06.25"]
[SourceVersion "2"]
[SourceVersionDate "2013.06.25"]
[SourceQuality "1"]

1. d4 d5 2. c4 c6 3. Nf3 Nf6 4. Nc3 a6 5. a4 a5 6. Ne5 Nbd7 7. Bf4 e6 8. e3 Qb6 9. Rb1 Nxe5 10. Bxe5 Nd7 11. Bg3 Be7 12. Bd3 0-0 13. Qc2 f5 14. cxd5 cxd5 15. Nb5 Nf6 16. 0-0 Bd7 17. Bc7 Qa6 18. Qb3 b6 19. Rbc1 Qb7 20. Rc2 Rfc8 21. Rfc1 Ne8 22. g3 Bxb5 23. Bxb5 Rxc7 24. Rxc7 Nxc7 25. Bc6 Qa7 26. Bxa8 Nxa8 27. Rc8+ Kf7 28. Qb5 Kf6 29. Qc6 Qa6 30. Rxa8 Qd3 31. Qc1 Qb3 32. Rb8 h6 33. Rb7 Bd8 34. Qc8 Be7 35. Qc7 Qb4 36. Rxb6 Qe1+ 37. Kg2 Qb1 38. Qe5+ 1-0

[Event "HUN-chT 1213"]
[Site "Hungary"]
[Date "2012.10.07"]
[Round "2"]
[White "Medvegyne Balogh, Emese"]
[Black "Erdos, Boglarka"]
[Result "0-1"]
[WhiteElo "2076"]
[BlackElo "2176"]
[PlyCount "84"]
[EventDate "2012.09.16"]
[EventType "team-tourn"]
[EventRounds "9"]
[EventCountry "HUN"]
[SourceTitle "EXT 2013"]
[Source "ChessBase"]
[SourceDate "2012.11.22"]
[SourceVersion "1"]
[SourceVersionDate "2012.11.22"]
[SourceQuality "1"]
[WhiteTeam "Dunaharaszti"]
[BlackTeam "Mako"]
[WhiteTeamCountry "HUN"]
[BlackTeamCountry "HUN"]

1. e4 c5 2. Nc3 a6 3. g3 b5 4. Bg2 Bb7 5. d3 e6 6. Be3 d6 7. Qd2 Nf6 8. h3 Nbd7 9. Nge2 Be7 10. 0-0 Qc7 11. f4 Nb6 12. g4 d5 13. exd5 exd5 14. Bf2 d4 15. Ne4 Nxe4 16. dxe4 0-0 17. Ng3 Nc4 18. Qc1 Bh4 19. Nf5 Bxf2+ 20. Rxf2 g6 21. Ng3 Rae8 22. b3 Ne3 23. Bh1 Qe7 24. g5 f6 25. h4 fxg5 26. hxg5 Qe6 27. f5 Qe5 28. Rf3 gxf5 29. Nh5 Bxe4 30. Qe1 Bxf3 31. Bxf3 Nxc2 32. Qh4 Qe3+ 33. Kg2 Nxa1 34. Nf6+ Rxf6 35. gxf6 h6 36. Bd5+ Kh7 37. f7 Rf8 38. Qh1 Qe2+ 39. Kg3 Qe3+ 40. Kg2 Qd2+ 41. Kf3 Nc2 42. Qh4 Ne1+ 0-1

[Event "HUN-chT2 Maroczy 1112"]
[Site "Hungary"]
[Date "2012.04.22"]
[Round "9"]
[White "Medvegyne Balogh, Emese"]
[Black "Terbe, Julianna"]
[Result "1/2-1/2"]
[WhiteElo "2078"]
[BlackElo "1889"]
[PlyCount "45"]
[EventDate "2011.09.25"]
[EventType "team-tourn"]
[EventRounds "11"]
[EventCountry "HUN"]
[SourceTitle "EXT 2013"]
[Source "ChessBase"]
[SourceDate "2012.11.22"]
[SourceVersion "1"]
[SourceVersionDate "2012.11.22"]
[SourceQuality "1"]
[WhiteTeam "Dunaharaszti"]
[BlackTeam "Kisujszallas"]
[WhiteTeamCountry "HUN"]
[BlackTeamCountry "HUN"]

1. e4 e6 2. d4 d5 3. Nd2 Be7 4. Ngf3 Nf6 5. exd5 exd5 6. Be2 Bf5 7. 0-0 Nbd7 8. Re1 0-0 9. Nf1 c6 10. Ng3 Bg6 11. Nh4 Bd6 12. Nxg6 hxg6 13. Qd3 Qc7 14. Bf3 Rae8 15. Bd2 Rxe1+ 16. Rxe1 Re8 17. Rxe8+ Nxe8 18. Nf1 Ndf6 19. g3 Qe7 20. Bg5 Bc7 21. Nd2 Qe6 22. Bg2 Nd6 23. Bxf6 1/2-1/2

[Event "SVK-ch op-A"]
[Site "Banska Stiavnica"]
[Date "2011.07.13"]
[Round "5"]
[White "Dobrotka, Martin"]
[Black "Medvegyne Balogh, Emese"]
[Result "1/2-1/2"]
[WhiteElo "2288"]
[BlackElo "2084"]
[PlyCount "44"]
[EventDate "2011.07.09"]
[EventType "swiss"]
[EventRounds "9"]
[EventCountry "SVK"]
[SourceTitle "CBM 143 Extra"]
[Source "ChessBase"]
[SourceDate "2011.08.29"]
[SourceVersion "1"]
[SourceVersionDate "2011.08.29"]
[SourceQuality "1"]

1. d4 d5 2. c4 c6 3. e3 Bf5 4. Nc3 e6 5. Nf3 Nf6 6. cxd5 exd5 7. Bd3 Bg6 8. 0-0 Be7 9. Ne5 Bxd3 10. Qxd3 0-0 11. Rb1 Nbd7 12. f4 Ne8 13. Bd2 f6 14. Nf3 f5 15. Ne2 Nd6 16. Qb3 Qb6 17. Bb4 Rae8 18. Bxd6 Qxb3 19. axb3 Bxd6 20. Ne5 Nf6 21. Ra1 a6 22. Ng3 g6 1/2-1/2

[Event "Zalakaros op 30th"]
[Site "Zalakaros"]
[Date "2011.05.24"]
[Round "5"]
[White "Medvegyne Balogh, Emese"]
[Black "Kende, Gyorgy"]
[Result "0-1"]
[WhiteElo "2118"]
[BlackElo "2246"]
[PlyCount "56"]
[EventDate "2011.05.20"]
[EventType "swiss"]
[EventRounds "9"]
[EventCountry "HUN"]
[SourceTitle "CBM 142 Extra"]
[Source "ChessBase"]
[SourceDate "2011.06.27"]
[SourceVersion "1"]
[SourceVersionDate "2011.06.27"]
[SourceQuality "1"]

1. e4 g6 2. d4 Bg7 3. Nf3 d6 4. Be2 Nf6 5. Nc3 0-0 6. 0-0 Bg4 7. Be3 Nc6 8. Qd2 e5 9. d5 Ne7 10. Bh6 Nh5 11. h3 Bd7 12. Nh2 Bxh6 13. Qxh6 Nf4 14. Nf3 f6 15. Qh4 Kg7 16. Bd3 c6 17. dxc6 bxc6 18. Ne2 g5 19. Qg3 Neg6 20. Nh2 Nh4 21. Nf3 Nhxg2 22. h4 Kh8 23. hxg5 fxg5 24. Rfd1 Qf6 25. Kf1 Bh3 26. Nxf4 Nxf4+ 27. Ke1 g4 28. Nh4 Qxh4 0-1